00958nam a2200265 a 450000100060000000300080000600500170001400800410003102000400007203500190011204000270013104100080015808200250016610000270019124501200021826000440033830000350038250400660041765000210048365000470050465000300055170000290058170000290061085600530063970516BD-RjUL20211209082017.0170418s2000 gw a b 001 0 eng d a3540660658 (hardcover : alk. paper) a(BD-RjUL)70730 aDLCcDLCdBD-RjULbeng aeng00a515.35223bSAG 20001 aSaito, Mutsumi,d1960-10aGröbner deformations of hypergeometric differential equations /cMutsumi Saito, Bernd Sturmfels, Nobuki Takayama. aBerlin ;aNew York :bSpringer,cc2000. aviii, 254 p. :bill. ;c25 cm. aIncludes bibliographical references (p. [245]-249) and index. 0aGröbner bases. 0aDifferential equationsxAsymptotic theory. 0aHypergeometric functions.1 aSturmfels, Bernd,d1962-1 aTakayama, Nobuki,d1959- 3Algorithms and computation in mathematics,uv. 6